Enseñanza de los valores en el Nivel Superior en la formación integral de los estudiantes. (Record no. 3866)

MARC details
000 -LEADER
campo de control de longitud fija 02844nam a2200577Ia 4500
001 - NÚMERO DE CONTROL
campo de control 4116
008 - DATOS DE LONGITUD FIJA--INFORMACIÓN GENERAL
campo de control de longitud fija 241029s9999 xx 000 0 und d
010 ## - NÚMERO DE CONTROL DE LA BIBLIOTECA DEL CONGRESO
Número de control de LC 3866
041 ## - CÓDIGO DE IDIOMA
Código de lengua del texto/banda sonora o título independiente Español
082 ## - NÚMERO DE LA CLASIFICACIÓN DECIMAL DEWEY
Número de clasificación UCSD MDU 0081 2014
245 #0 - MENCIÓN DEL TÍTULO
Título Enseñanza de los valores en el Nivel Superior en la formación integral de los estudiantes.
260 ## - PUBLICACIÓN, DISTRIBUCIÓN, ETC.
Lugar de publicación, distribución, etc. Santo Domingo
300 ## - DESCRIPCIÓN FÍSICA
Extensión 77
520 ## - RESUMEN, ETC.
Sumario, etc. 48
520 ## - RESUMEN, ETC.
Sumario, etc. Esta investigación presenta un estudio realizado con los profesores y estudiantes de la Escuela de Educación de la Universidad Católica Santo Domingo. cuyo objetivo fue, indagar en la enseñanza de los valores en el Nivel Superior en la formación integral de los estudiantes de dicha escuela. Los procedimientos prácticos de la investigación, se han realizado mediante las técnicas de las en encuestas a los estudiantes, a través de una lista de cotejo, entrevistas, semiencuesta a los maestros y a la directora, con una lista de preguntas abiertas.Los resultados del estudio indicaron, que los profesores de la Escuela de Educación de la Universidad Católica Santo Domingo, incluyen valores en los contenidos que impacten a sus estudiantes en sus diferentes secciones de clases. Entre esos valores están: la lealtad, ser crítico, responsabilidad, inteligencia, solidaridad, integridad, independencia, honestidad, respeto, tolerancia y compañerismo. Se recomendó a la Escuela de Educación de la UCSD, la aplicación de las estrategias para la enseñanza de los valores, dentro del recinto universitario. También se recomendó, hacer otras investigaciones, tomando en cuenta una población más amplia para tener una visión más generalizada y diversa sobre la realidad del tema de los valores en la Educación Superior.
630 ## - PUNTO DE ACCESO ADICIONAL DE MATERIA--TÍTULO UNIFORME
Título uniforme Educación en Valores
630 ## - PUNTO DE ACCESO ADICIONAL DE MATERIA--TÍTULO UNIFORME
Título uniforme Enseñanza
630 ## - PUNTO DE ACCESO ADICIONAL DE MATERIA--TÍTULO UNIFORME
Título uniforme Estrategia
630 ## - PUNTO DE ACCESO ADICIONAL DE MATERIA--TÍTULO UNIFORME
Título uniforme Formación
650 ## - PUNTO DE ACCESO ADICIONAL DE MATERIA--TÉRMINO DE MATERIA
Término de materia o nombre geográfico como elemento de entrada Enseñanza
690 ## - PUNTO DE ACCESO ADICIONAL DE MATERIA LOCAL--TÉRMINO DE MATERIA (OCLC, RLIN)
Término de materia o nombre geográfico como elemento inicial Elaborado
700 ## - ENTRADA AGREGADA--NOMBRE PERSONAL
Término indicativo de función/relación asesor
Nombre de persona Castillo, Omar
700 ## - ENTRADA AGREGADA--NOMBRE PERSONAL
Término indicativo de función/relación autor
Nombre de persona Patiño Victoriano, Sila
700 ## - ENTRADA AGREGADA--NOMBRE PERSONAL
Término indicativo de función/relación autor
Nombre de persona Deroche, Ricardo
700 ## - ENTRADA AGREGADA--NOMBRE PERSONAL
Término indicativo de función/relación asesor
Nombre de persona Torres, Fanny
901 ## - ELEMENTOS DE DATOS A LOCAL LDA (RLIN)
a {"1":"Patiño Victoriano","2":"Deroche"}
b {"1":"Sila","2":"Ricardo"}
902 ## - ELEMENTOS DE DATOS B LOCAL, LDB (RLIN)
a 2
903 ## - ELEMENTOS DE DATOS C LOCAL, LDC (RLIN)
a {"1":"Torres","2":"Castillo"}
b {"1":"Fanny","2":"Omar"}
904 ## - ELEMENTOS DE DATOS D LOCAL, LDD (RLIN)
a Maestría en
905 ## - ELEMENTOS DE DATOS E LOCAL, LDE (RLIN)
a Docencia y Gestión Universitaria
906 ## - ELEMENTOS DE DATOS F LOCAL, LDF (RLIN)
a 2
907 ## - ELEMENTOS DE DATOS G LOCAL, LDG (RLIN)
a NO APLICA
908 ## - COLOCAR PARÁMETRO DE COMANDO (RLIN)
Colocar parámetro de comando NO APLICA
909 ## -
-- Universidad Católica de Santo Domingo (UCSD)
910 ## - DATOS DE OPCIÓN DEL USUARIO (OCLC)
Datos de opción del usuario NULL
-- NULL
911 ## - EQUIVALENCIA O REFERENCIA-CRUZADA-NOMBRE DE CONFERENCIA O REUNIÓN/CONGRESO [LOCAL, CANADÁ]
Nombre de congreso/reunión o jurisdicción como elemento de entrada ["1"]
912 ## -
-- NO APLICA
913 ## -
-- NULL
914 ## -
-- 01 de Junio de 2014
915 ## -
-- -693625
916 ## -
-- NULL
917 ## -
-- NULL
918 ## -
-- NO APLICA
919 ## -
-- ["75","202","92","200"]
921 ## -
-- 12
922 ## -
-- 12
923 ## -
-- 0
924 ## -
-- NO APLICA
942 ## - ELEMENTOS DE ENTRADA SECUNDARIOS (KOHA)
Tipo de ítem Koha

No items available.

© 2024. Todos los Derechos Reservados. Desarrollado por IDEICE